European Journal of Educational Research

Saved in:
Bibliographic Details
Format: Serial
Published: Enschede Eurasian Society of Educational Research
Tags: Add Tag
No Tags, Be the first to tag this record!

MARC

LEADER 00000nls a2200000 4500
001 0306765
005 20260205140000.0
022 |a 2165-8714 
044 |a NL 
245 1 0 |a European Journal of Educational Research 
264 1 |a Enschede  |b Eurasian Society of Educational Research